The Art of warf.
| Main Author: | |
|---|---|
| Other Authors: | |
| Format: | Book |
| Published: |
London:
Duncan Baird Publishers: 2005.
|
| Edition: | New illustrated ed.. |
| Subjects: |
| LEADER | 00499cam a2200181 7i4500 | ||
|---|---|---|---|
| 001 | 0000029856 | ||
| 005 | 20130918090000.0 | ||
| 020 | 0 | 0 | |a 9781844831791 |
| 090 | 0 | 0 | |a B 335.02 |b SUN |
| 100 | 1 | 0 | |a Sun |
| 245 | 1 | 4 | |a The Art of warf. |
| 250 | 0 | 0 | |a New illustrated ed.. |
| 260 | 0 | 0 | |a London: |b Duncan Baird Publishers: |b 2005. |
| 300 | # | # | |a 272 p. |
| 650 | 0 | 0 | |a Conflict management |
| 650 | 0 | 0 | |a Military art and science |
| 700 | 1 | 0 | |a Griffith, |h Samuel B. |
| 999 | |a B000033122 |b Book |c Book |e Business Information Centre | ||


